Nos estamos poniendo viejos

Guardat en:
Dades bibliogràfiques
Autor principal: Ford, Corey (Autor)
Format: Llibre
Idioma:espanyol
Publicat: Buenos Aires EMECE 1950
Matèries:
Etiquetes: Afegir etiqueta
Sense etiquetes, Sigues el primer a etiquetar aquest registre!

MARC

LEADER 00000nam a2200000 a 4500
001 UCZ7944
003 CL-VaPUC
008 960112e19500000AG |||||||||||||||||spa|d
082 0 4 |a 392.9  |b FOR  |2 21 
100 0 |a Ford, Corey  |e author  |9 352984 
245 1 0 |a Nos estamos poniendo viejos 
300 |a 44 p 
942 |c BK 
945 |d 19960112 00:00:00  |a cmena 
260 |a Buenos Aires  |b EMECE  |c 1950 
650 0 |a Vejez   |9 307287 
650 0 |a Ancianos   |9 307293 
650 0 |a Sociología   |9 255410 
650 0 |a Comportamiento   |9 308406 
583 |a last modification  |c 19960112 00:00:00  |k Rodrigo Vera 
999 |c 243917  |d 243915 
952 |0 0  |1 0  |4 0  |6 392_900000000000000_FOR_1950  |7 0  |8 P  |9 257786  |a BIBEDU  |b BIBEDU  |c BIBEDU_PB  |d 2019-11-19  |i 1613545  |o 392.9 FOR 1950  |p 1613545  |r 2024-01-25  |w 2019-11-19  |y BK  |k EDU